000
00281nam a2200109Ia 4500
008
190216s9999||||xx |||||||||||||| ||und||
100
_a
Ealam Kulam Kunjan Pilla
245
0
_a
Malayalam-Samskarathinde Nazhika Kallukal
260
_b
Nbs Kottayam
650
_a
Malayalam
942
_c
BK
999
_c
25103
_d
25103